Normal view MARC view

Entry Personal Name

Number of records used in: 1

001 - CONTROL NUMBER

  • control field: 1643

003 - CONTROL NUMBER IDENTIFIER

  • control field: DLC

005 - DATE AND TIME OF LATEST TRANSACTION

  • control field: 20200128153649.0

008 - FIXED-LENGTH DATA ELEMENTS

  • fixed length control field: 800624n| adannaabn |a aaa

010 ## - LIBRARY OF CONGRESS CONTROL NUMBER

  • LC control number: n 50031981

035 ## - SYSTEM CONTROL NUMBER

  • System control number: (OCoLC)oca00067335

040 ## - CATALOGING SOURCE

  • Original cataloging agency: DLC
  • Language of cataloging: eng
  • Transcribing agency: DLC
  • Modifying agency: DLC
  • Modifying agency: IAhCCS
  • Modifying agency: DLC
  • Modifying agency: IEN

046 ## - SPECIAL CODED DATES

  • Birth date: 1916
  • Death date: 1996

100 1# - HEADING--PERSONAL NAME

  • Personal name: Mundel, Marvin E.
  • Fuller form of name: (Marvin Everett),
  • Dates associated with a name: 1916-1996

378 ## - FULLER FORM OF PERSONAL NAME

  • Fuller form of personal name: Marvin Everett

400 1# - SEE FROM TRACING--PERSONAL NAME

  • Control subfield: nne
  • Personal name: Mundel, Marvin Everett,
  • Dates associated with a name: 1916-

670 ## - SOURCE DATA FOUND

  • Source citation: Barnes, R. M. Studies of hand motions ... 1938

670 ## - SOURCE DATA FOUND

  • Source citation: His Motion and time study, c1985:
  • Information found: CIP t.p. (Marvin E. Mundel, P.E., M.E. Mundel and Associates)

670 ## - SOURCE DATA FOUND

  • Source citation: IMDb, July 17, 2008
  • Information found: (Marvin E(verett) Mundel, 1916-1996)

Powered by Koha